[Event "Chigorin Memorial Open"]
[Site "St Petersburg RUS"]
[Date "2011.10.21"]
[Round "8.29"]
[White "Nezad, Husein Aziz"]
[Black "Malakhatko, Vadim"]
[Result "0-1"]
[WhiteTitle "IM"]
[BlackTitle "GM"]
[WhiteElo "2414"]
[BlackElo "2543"]
[WhiteFideId "12100293"]
[BlackFideId "14104202"]
[EventDate "2011.10.14"]

1. d4 d5 2. c4 c6 3. Nc3 Nf6 4. e3 a6 5. Nf3 e6 6. b3 Bb4 7. Bd2 Bd6 8. Bd3 c5
9. O-O O-O 10. cxd5 exd5 11. dxc5 Bxc5 12. e4 dxe4 13. Nxe4 Qxd3 14. Nxc5 Qd5
15. Be3 Nc6 16. Rc1 h6 17. h3 Qh5 18. Nd4 Qxd1 19. Rfxd1 Nb4 20. Bd2 Nbd5 21.
Re1 b6 22. Nd3 Bb7 23. Nf5 Rad8 24. Ne5 Rfe8 25. f3 a5 26. Nc4 Rxe1+ 27. Rxe1
Ba6 28. Nfe3 a4 29. Nxd5 Nxd5 30. Rc1 axb3 31. axb3 Bb5 32. Kf2 Ra8 33. Rc2 Ra1
34. Be3 Rf1+ 35. Ke2 Rb1 36. Kf2 Rxb3 37. Bd2 Bxc4 38. Rxc4 b5 39. Rc8+ Kh7 40.
Rc5 Nb6 41. Bf4 Nc4 42. h4 Nb2 43. Rc7 Nd3+ 44. Kg3 Kg6 45. h5+ Kxh5 46. Rxf7 g5
47. Bd6 Kg6 48. Rb7 h5 49. Rb6 Kf7 50. Bb8 Rb4 51. Bc7 h4+ 52. Kh2 Rb2 53. Kh3
Nf2+ 54. Kh2 g4 55. Rh6 g3+ 0-1

[Event "Chigorin Memorial Open"]
[Site "St Petersburg RUS"]
[Date "2011.10.21"]
[Round "8.30"]
[White "Kanter, Eduard"]
[Black "Rasulov, Vugar"]
[Result "1/2-1/2"]
[WhiteTitle "IM"]
[BlackTitle "GM"]
[WhiteElo "2406"]
[BlackElo "2523"]
[WhiteFideId "4103963"]
[BlackFideId "13402390"]
[EventDate "2011.10.14"]

1. d4 Nf6 2. c4 c5 3. d5 e6 4. Nc3 exd5 5. cxd5 d6 6. e4 g6 7. h3 Bg7 8. Nf3 O-O
9. Bd3 a6 10. a4 Re8 11. O-O Nbd7 12. Re1 Nh5 13. Bg5 Bf6 14. Be3 Ne5 15. Be2
Nxf3+ 16. Bxf3 Ng7 17. Qd2 Rb8 18. Rab1 Qa5 19. Bf4 Be5 20. Bxe5 Rxe5 21. Bd1
Qb4 22. f4 Re7 23. Bf3 Bd7 24. Ra1 f6 25. Re2 Rbe8 26. a5 Qd4+ 27. Qxd4 cxd4 28.
Nd1 Bb5 29. Rd2 f5 30. e5 dxe5 31. fxe5 Rxe5 32. Rxd4 Re1+ 33. Kh2 Rd8 34. d6
Rd7 35. Ra3 Ne6 36. Rd2 Ng5 37. Bd5+ Kg7 38. Nc3 Rxd6 39. Nxb5 axb5 40. Rad3 Rd7
41. h4 Nf7 42. Bxf7 Rxf7 43. Rd7 b4 44. Rxf7+ Kxf7 1/2-1/2

[Event "Chigorin Memorial Open"]
[Site "St Petersburg RUS"]
[Date "2011.10.21"]
[Round "8.31"]
[White "Al-Sayed, Mohammed"]
[Black "Hayrapetian, Ovik"]
[Result "1-0"]
[WhiteTitle "GM"]
[BlackTitle "IM"]
[WhiteElo "2519"]
[BlackElo "2398"]
[WhiteFideId "12100196"]
[BlackFideId "13302639"]
[EventDate "2011.10.14"]

1. d4 Nf6 2. c4 e6 3. Nc3 Bb4 4. Qc2 b6 5. e4 Bb7 6. Bd3 Nc6 7. Ne2 d6 8. O-O
Bxc3 9. Qxc3 Qe7 10. f3 e5 11. d5 Nb8 12. Ng3 g6 13. Bh6 Nbd7 14. b4 c5 15. dxc6
Bxc6 16. Rad1 Nf8 17. c5 bxc5 18. bxc5 d5 19. exd5 Nxd5 20. Qc4 Ne6 21. Be4 Nec7
22. Rxd5 Bb5 23. Rd2 f5 24. Qc3 1-0

[Event "Chigorin Memorial Open"]
[Site "St Petersburg RUS"]
[Date "2011.10.21"]
[Round "8.32"]
[White "Vlasenko, Miroslav"]
[Black "Obolenskikh, Dmitry"]
[Result "1/2-1/2"]
[WhiteTitle "IM"]
[WhiteElo "2382"]
[BlackElo "2500"]
[WhiteFideId "4151887"]
[BlackFideId "4156013"]
[EventDate "2011.10.14"]

1. d4 d5 2. Nf3 Nf6 3. e3 c5 4. c3 Qc7 5. Bd3 Bg4 6. Nbd2 Nc6 7. h3 Bh5 8. dxc5
e5 9. e4 Bxc5 10. exd5 Nxd5 11. Ne4 Bb6 12. Ng3 Bxf3 13. Qxf3 O-O-O 14. O-O Kb8
15. Be4 Nf4 16. Be3 Ne7 17. Nf5 Nxf5 18. Bxf5 g6 19. Bc2 f5 20. Bxf4 exf4 21.
Rad1 a6 22. Rxd8+ Rxd8 23. Rd1 Rxd1+ 24. Qxd1 Qc5 25. Qd2 Qe5 26. Bd1 h5 27. Bf3
h4 28. Kf1 Qb5+ 29. Ke1 Qe5+ 30. Qe2 Qxe2+ 31. Kxe2 a5 32. Bd5 Kc7 33. Bf7 g5
34. Be6 Bc5 35. Bxf5 b6 36. Bd3 Kd6 37. Bb5 Ke5 38. f3 Be7 39. Kd3 Bf6 40. Kc4
Kd6 41. Be8 Bg7 42. a3 Bf6 43. Kd3 Ke5 44. b4 axb4 45. cxb4 Be7 46. Kc4 Kd6 47.
Kb5 Kc7 48. Bg6 Bf6 49. Be4 Bb2 50. a4 Bf6 51. a5 bxa5 52. bxa5 Bc3 53. a6 Kb8
54. Kc4 Bf6 55. Kc5 Ka7 56. Bd3 Be7+ 57. Kc6 Bd8 58. Kd7 Bf6 59. Bf1 Kb6 60. Ke6 1/2-1/2

[Event "Chigorin Memorial Open"]
[Site "St Petersburg RUS"]
[Date "2011.10.21"]
[Round "8.33"]
[White "Zozulia, Anna"]
[Black "Gladyszev, Oleg"]
[Result "1/2-1/2"]
[WhiteTitle "IM"]
[BlackTitle "IM"]
[WhiteElo "2377"]
[BlackElo "2463"]
[WhiteFideId "14102110"]
[BlackFideId "4118642"]
[EventDate "2011.10.14"]

1. e4 c5 2. Nf3 Nc6 3. d4 cxd4 4. Nxd4 Nf6 5. Nc3 e5 6. Ndb5 d6 7. Bg5 a6 8. Na3
b5 9. Nd5 Be7 10. Bxf6 Bxf6 11. c4 b4 12. Nc2 O-O 13. Be2 a5 14. O-O Bg5 15. Qd3
Be6 16. Rfd1 Rb8 17. b3 Rb7 18. Nde3 Bxe3 19. Qxe3 Rd7 20. Rd2 Qc7 21. Rad1 Nb8
22. f4 f6 23. f5 Bf7 24. g4 Na6 25. Kh1 Nc5 26. Rg1 h6 27. Bf3 Be8 28. h4 Rdf7
29. g5 hxg5 30. hxg5 fxg5 31. Rxg5 Rf6 32. Rh2 Ne6 33. Rg3 Nf4 34. Qg1 Bc6 35.
Ne3 Qb7 36. Ng4 Bxe4 37. Nxf6+ Rxf6 38. Rxg7+ Qxg7 39. Bxe4 Qxg1+ 40. Kxg1 Kg7 1/2-1/2

[Event "Chigorin Memorial Open"]
[Site "St Petersburg RUS"]
[Date "2011.10.21"]
[Round "8.34"]
[White "Airapetian, Gor"]
[Black "Sychev, Klementy"]
[Result "0-1"]
[WhiteTitle "IM"]
[WhiteElo "2463"]
[BlackElo "2389"]
[WhiteFideId "4177916"]
[BlackFideId "4114060"]
[EventDate "2011.10.14"]

1. d4 Nf6 2. c4 g6 3. Nc3 d5 4. Bg5 Bg7 5. e3 c5 6. cxd5 Nxd5 7. Qb3 Nxc3 8.
bxc3 O-O 9. Nf3 cxd4 10. Nxd4 Nd7 11. Be2 h6 12. Bh4 g5 13. Bg3 e5 14. Nf5 Nc5
15. Qc2 Bxf5 16. Qxf5 Qc8 17. Bg4 Qxf5 18. Bxf5 Rfd8 19. Ke2 Na4 20. e4 Nxc3+
21. Ke3 h5 22. Rhc1 Nb5 23. f3 Nd4 24. Rc7 h4 25. Be1 Bf8 26. Rb1 b6 27. Bb4 Nb5
28. Rcc1 Bxb4 29. Rxb4 Nd6 30. Bg4 b5 31. Ke2 a5 32. Rb2 Rab8 33. Rc7 b4 34. Ra7
Ra8 35. Re7 Nb5 0-1

[Event "Chigorin Memorial Open"]
[Site "St Petersburg RUS"]
[Date "2011.10.21"]
[Round "8.37"]
[White "Dimukhametov, Artur"]
[Black "Belous, Vladimir"]
[Result "0-1"]
[WhiteTitle "FM"]
[WhiteElo "2337"]
[BlackElo "2504"]
[WhiteFideId "4195680"]
[BlackFideId "4174003"]
[EventDate "2011.10.14"]

1. d4 Nf6 2. c4 g6 3. Nc3 Bg7 4. Nf3 d5 5. cxd5 Nxd5 6. e4 Nxc3 7. bxc3 O-O 8.
Be3 c5 9. Qd2 Qa5 10. Rc1 cxd4 11. cxd4 Qxd2+ 12. Kxd2 Rd8 13. Ke1 Nc6 14. d5
Na5 15. Bg5 Bd7 16. Bxe7 Re8 17. d6 Nc6 18. Bb5 Bf8 19. Nd2 Bxe7 20. dxe7 Rxe7
21. f3 Rd8 22. Nb3 f5 23. Nc5 Be8 24. Kf2 Rd2+ 25. Kg3 Nd4 26. Bc4+ Bf7 27. Rhd1
Ne2+ 28. Bxe2 Rxe2 29. Rd7 Rxd7 30. Nxd7 fxe4 31. Nf6+ Kf8 32. Nxe4 Be8 33. Rc8
Rxa2 34. Nd6 Re2 35. Nxb7 Re6 36. Ra8 Rc6 37. Na5 Rc7 38. Kf4 Kf7 39. h4 Bd7 40.
Rd8 Be6 41. Rd6 Bd7 42. g4 Ke7 43. Rd5 Rc3 44. h5 Be6 45. Rb5 Kd6 46. h6 Bd5 47.
Nb7+ Kc6 48. Ra5 Rxf3+ 49. Ke5 Re3+ 50. Kf6 Re6+ 51. Kg5 Re7 52. Nd8+ Kd6 53.
Kf6 Rd7 54. Ra6+ Kc5 55. Ne6+ Kb5 56. Ra1 a5 57. Rb1+ Kc4 58. Rc1+ Kb4 59. Rb1+
Kc3 60. Nc5 Ra7 61. Na4+ Kc2 62. Rb2+ Kd3 63. Rb6 Kd4 64. Nb2 Ke4 65. Rb5 Kd4
66. Rb6 Be4 67. Rd6+ Kc5 68. Re6 Bd5 69. Re8 Kd4 70. Na4 Rf7+ 71. Kg5 Bc6 72.
Rd8+ Kc4 73. Rc8 Kb5 74. Nc3+ Kb6 75. Rg8 Rf3 76. Ne2 a4 77. Nd4 a3 78. Rb8+ Bb7
79. Re8 a2 80. Re1 Rf2 81. Nb3 Bd5 82. Na1 Rf7 83. Nc2 Kb5 84. Re5 Kc4 85. Rxd5 0-1

[Event "Chigorin Memorial Open"]
[Site "St Petersburg RUS"]
[Date "2011.10.21"]
[Round "8.38"]
[White "Goganov, Aleksey"]
[Black "Karasev, Vladimir I"]
[Result "1-0"]
[WhiteTitle "IM"]
[BlackTitle "IM"]
[WhiteElo "2500"]
[BlackElo "2372"]
[WhiteFideId "24109959"]
[BlackFideId "4103971"]
[EventDate "2011.10.14"]

1. c4 e5 2. Nc3 Nf6 3. Nf3 Nc6 4. g3 Bb4 5. Nd5 e4 6. Nxb4 Nxb4 7. Nd4 O-O 8.
Bg2 d5 9. Nc2 Nxc2+ 10. Qxc2 d4 11. d3 exd3 12. Qxd3 Re8 13. O-O Bg4 14. Re1 Qd7
15. Bxb7 Rab8 16. Bg2 Bf5 17. Qd2 Ne4 18. Qa5 Bh3 19. f3 Bxg2 20. Kxg2 Nd6 21.
Qd5 Qa4 22. Qxd4 Qc2 23. b3 Rbd8 24. Qb2 Qxb2 25. Bxb2 Nf5 26. e4 Rd2+ 27. Kf1
Nxg3+ 28. hxg3 Rxb2 29. Re2 Rxe2 30. Kxe2 f5 31. Ke3 fxe4 32. fxe4 h5 33. Rd1
Re6 34. Rd5 Ra6 35. a4 Rb6 36. Rxh5 Rxb3+ 37. Kf4 Rb4 38. Rc5 Rxa4 39. Rxc7 a5
40. c5 Ra1 41. Ra7 a4 42. c6 Rc1 43. c7 Kh7 44. Ke5 a3 45. Kd6 Rd1+ 46. Ke6 Rc1
47. Kd7 Rd1+ 48. Ke8 Rc1 49. e5 a2 50. Rxa2 Rxc7 51. e6 Rc3 52. e7 Rxg3 53. Re2 1-0

[Event "Chigorin Memorial Open"]
[Site "St Petersburg RUS"]
[Date "2011.10.21"]
[Round "8.39"]
[White "Charochkina, Daria"]
[Black "Kalegin, Evgenij"]
[Result "1-0"]
[WhiteTitle "WIM"]
[BlackTitle "IM"]
[WhiteElo "2332"]
[BlackElo "2467"]
[WhiteFideId "4180917"]
[BlackFideId "4103416"]
[EventDate "2011.10.14"]

1. d4 Nf6 2. c4 g6 3. Nc3 Bg7 4. e4 d6 5. f4 O-O 6. Nf3 e5 7. dxe5 dxe5 8. Qxd8
Rxd8 9. fxe5 Ng4 10. Nd5 Na6 11. Bf4 c6 12. Ne7+ Kf8 13. Nxc8 Raxc8 14. h3 Nh6
15. Be3 c5 16. a3 Ng8 17. Be2 Ne7 18. O-O Kg8 19. Ng5 Bxe5 20. Rxf7 Nc6 21. Bg4
Rc7 22. Be6 Rxf7 23. Nxf7 Re8 24. Bd5 Nc7 25. Nxe5+ Nxd5 26. cxd5 Nxe5 27. Bxc5
Nd7 28. Bxa7 Rxe4 29. Rc1 Re5 30. Rc7 Rxd5 31. Rxb7 Kf7 32. b4 Ke6 33. a4 Rd1+
34. Kh2 Kd6 35. b5 Ra1 36. b6 Nc5 37. Rc7 Na6 1-0

[Event "Chigorin Memorial Open"]
[Site "St Petersburg RUS"]
[Date "2011.10.21"]
[Round "8.40"]
[White "Nozdrachev, Vladislav"]
[Black "Yuferev, Oleg"]
[Result "1-0"]
[WhiteTitle "FM"]
[BlackTitle "FM"]
[WhiteElo "2463"]
[BlackElo "2351"]
[WhiteFideId "24113441"]
[BlackFideId "4131720"]
[EventDate "2011.10.14"]

1. e4 c5 2. Nf3 e6 3. d4 cxd4 4. Nxd4 a6 5. c4 Nf6 6. Nc3 Bb4 7. Qf3 d6 8. Nc2
Bc5 9. b4 Ba7 10. Be2 Nc6 11. O-O Nd4 12. Nxd4 Bxd4 13. Bg5 h6 14. Bd2 O-O 15.
Rac1 Bd7 16. Qg3 Bc6 17. Bd3 Kh8 18. Kh1 d5 19. b5 axb5 20. exd5 exd5 21. cxb5
Bd7 22. Bxh6 gxh6 23. Qf4 Bxc3 24. Qxh6+ Kg8 25. Rxc3 Ra4 26. Bc2 Rc4 27. Rg3+
Bg4 28. Bf5 1-0

[Event "Chigorin Memorial Open"]
[Site "St Petersburg RUS"]
[Date "2011.10.21"]
[Round "8.41"]
[White "Gubernatorov, Sergey"]
[Black "Predke, Alexandr"]
[Result "0-1"]
[WhiteTitle "FM"]
[WhiteElo "2311"]
[BlackElo "2461"]
[WhiteFideId "4148215"]
[BlackFideId "24107581"]
[EventDate "2011.10.14"]

1. c4 e5 2. g3 Nf6 3. Bg2 d5 4. cxd5 Nxd5 5. Nf3 Nc6 6. O-O Nb6 7. a3 Be7 8. d3
Be6 9. Nbd2 g5 10. b4 g4 11. Ne1 h5 12. Bb2 Bd5 13. e4 Be6 14. f4 f6 15. fxe5
fxe5 16. Rc1 h4 17. Rxc6 bxc6 18. Bxe5 Rh5 19. Rf5 Bxf5 20. exf5 Qd7 21. d4 Rxf5
22. Qxg4 Rf1+ 0-1

[Event "Chigorin Memorial Open"]
[Site "St Petersburg RUS"]
[Date "2011.10.21"]
[Round "8.43"]
[White "Guliev, Logman"]
[Black "Ageichenko, Genadi A"]
[Result "1-0"]
[WhiteTitle "IM"]
[BlackTitle "IM"]
[WhiteElo "2447"]
[BlackElo "2343"]
[WhiteFideId "13400061"]
[BlackFideId "4105222"]
[EventDate "2011.10.14"]

1. e4 e5 2. Nf3 Nc6 3. Bb5 Nf6 4. Qe2 a6 5. Ba4 b5 6. Bb3 Bc5 7. d3 h6 8. c3 O-O
9. O-O Re8 10. h3 Bb7 11. Rd1 Bf8 12. Nbd2 d5 13. Nf1 Na5 14. Bc2 c5 15. Ng3 Nc6
16. Nh2 d4 17. Nf5 Bc8 18. Qf3 dxc3 19. bxc3 b4 20. Bb2 bxc3 21. Bxc3 Bxf5 22.
Qxf5 Nd4 23. Bxd4 Qxd4 24. Rab1 Qd6 25. Bb3 Re7 26. Bc4 Ne8 27. Ng4 g6 28. Qf3
h5 29. Ne3 Nf6 30. Bd5 Nxd5 31. Nxd5 Rea7 32. Rb6 Qd8 33. Rdb1 Bg7 34. Rc6 Rc8
35. Rbb6 Rxc6 36. Rxc6 Bf8 37. Qg3 Bd6 38. h4 Kg7 39. Qf3 Rb7 40. g3 a5 41. Kg2
Bf8 42. g4 Be7 43. g5 Kg8 44. Qg3 Bd6 45. Qe3 Kg7 46. Qe2 Be7 47. Qf3 Rd7 48.
Qg3 Rxd5 49. exd5 Qxd5+ 50. Qf3 Qxa2 51. Qe4 f6 52. gxf6+ Bxf6 53. Rc7+ Kh6 54.
Qe3+ 1-0

[Event "Chigorin Memorial Open"]
[Site "St Petersburg RUS"]
[Date "2011.10.21"]
[Round "8.44"]
[White "Tarasova, Viktoriya"]
[Black "Smirnov, Artem"]
[Result "1/2-1/2"]
[WhiteTitle "WIM"]
[BlackTitle "IM"]
[WhiteElo "2275"]
[BlackElo "2444"]
[WhiteFideId "4175840"]
[BlackFideId "4143256"]
[EventDate "2011.10.14"]

1. d4 Nf6 2. c4 c5 3. d5 e5 4. Nc3 d6 5. e4 Be7 6. g3 a6 7. a4 O-O 8. Bg2 Ne8 9.
Nf3 Nd7 10. O-O g6 11. Ne1 Ng7 12. Nd3 f5 13. a5 b5 14. axb6 Nxb6 15. b3 Bf6 16.
Bd2 Ra7 17. Qc2 Raf7 18. Rae1 f4 19. gxf4 exf4 20. Nxf4 Bxc3 21. Ne6 Bxe6 22.
dxe6 Nxe6 23. Qxc3 Nd7 24. Bh6 Ne5 25. Bxf8 Rxf8 26. Kh1 Nf4 27. Rd1 Qf6 28. Qg3
a5 29. h3 h5 30. Rd2 h4 31. Qe3 a4 32. Rfd1 axb3 33. Qxb3 Qg5 34. Bf1 Ne6 35.
Qe3 Qxe3 36. fxe3 Ng5 37. Bg2 Nxc4 38. Re2 Nf7 39. Rf1 Rb8 40. e5 Nfxe5 41. Bd5+
Kg7 42. Bxc4 Nxc4 43. Rf4 d5 44. Rxh4 Rb3 45. Rc2 Rxe3 46. Kg2 Ra3 47. Rhxc4
dxc4 48. Rxc4 Ra5 49. Kf3 Kf6 50. Ke4 Ke6 51. h4 Kd6 52. Kd3 Ra3+ 53. Kd2 Rg3
54. Rf4 Kd5 55. h5 g5 56. Rf5+ Kd4 57. h6 Rg2+ 58. Kc1 c4 59. h7 Rh2 60. Rxg5
Rxh7 61. Rg4+ Kc3 62. Rg3+ Kb4 63. Rg2 Rh3 64. Kc2 Ra3 65. Kb2 c3+ 66. Kb1 Kb3
67. Rb2+ Kc4 68. Rh2 Ra8 69. Rg2 Rb8+ 70. Kc1 Kb3 71. Rg7 Rb5 72. Rh7 Rd5 73.
Rb7+ Kc4 74. Rc7+ Kd3 75. Rh7 Rd8 76. Rh3+ Kc4 77. Rh4+ Kb3 78. Rh7 Rb8 79. Rg7 1/2-1/2

[Event "Chigorin Memorial Open"]
[Site "St Petersburg RUS"]
[Date "2011.10.21"]
[Round "8.45"]
[White "Arslanov, Shamil"]
[Black "Mikheev, Stanislav"]
[Result "1-0"]
[WhiteTitle "IM"]
[BlackTitle "IM"]
[WhiteElo "2413"]
[BlackElo "2271"]
[WhiteFideId "4192826"]
[BlackFideId "4135920"]
[EventDate "2011.10.14"]

1. e4 e5 2. Nf3 Nf6 3. d4 Nxe4 4. Bd3 d5 5. Nxe5 Nd7 6. O-O Nxe5 7. dxe5 Nc5 8.
Be2 Be7 9. Be3 O-O 10. f4 f6 11. exf6 Rxf6 12. c4 Be6 13. cxd5 Qxd5 14. Nc3 Qxd1
15. Raxd1 c6 16. g4 Rff8 17. f5 Bf7 18. b4 Na6 19. Bxa6 bxa6 20. Bc5 Bxc5+ 21.
bxc5 Rab8 22. Rb1 h5 23. h3 hxg4 24. hxg4 a5 25. a3 Rfe8 26. Rxb8 Rxb8 27. Rb1
Re8 28. Kf2 Re5 29. Rb8+ Kh7 30. Rc8 Be8 31. Kf3 Bd7 32. Rd8 Rxc5 33. Ne4 Rd5
34. Ng5+ 1-0

[Event "Chigorin Memorial Open"]
[Site "St Petersburg RUS"]
[Date "2011.10.21"]
[Round "8.46"]
[White "Tokabayev, A"]
[Black "Filin, Evgeny"]
[Result "1-0"]
[WhiteElo "1950"]
[BlackElo "1709"]
[WhiteFideId "13705210"]
[BlackFideId "24184764"]
[EventDate "2011.10.14"]

1. d4 Nf6 2. c4 g6 3. Nc3 Bg7 4. e4 d6 5. f3 O-O 6. Be3 e5 7. d5 Nh5 8. Qd2 f5
9. O-O-O a5 10. Nge2 Nf6 11. exf5 gxf5 12. Bg5 Qe8 13. Ng3 Qg6 14. Bd3 Na6 15.
Kb1 Nb4 16. Bxf6 Bxf6 17. Be2 Bg5 18. Qe1 Be3 19. a3 f4+ 20. Nge4 Bf5 21. g4
fxg3 22. hxg3 h5 23. axb4 axb4 24. Na2 b3 25. Nc1 Bxc1 26. Bd3 Bh6 27. Qc3 Bg7
28. Qxb3 Bxe4 29. Bxe4 Qxg3 30. Rxh5 Rf4 31. Qb5 Rxe4 32. Qxb7 Rf8 33. fxe4 Qg4
34. Rhh1 Qxe4+ 35. Ka1 Qxc4 36. Qc6 Qb4 37. Rdg1 Qa5+ 38. Kb1 Rf7 39. Qe8+ Rf8
40. Rxg7+ Kxg7 41. Rg1+ 1-0

[Event "Chigorin Memorial Open"]
[Site "St Petersburg RUS"]
[Date "2011.10.21"]
[Round "8.47"]
[White "Usmanov, Vasily"]
[Black "Malakhov, Igor"]
[Result "1/2-1/2"]
[BlackTitle "FM"]
[WhiteElo "2238"]
[BlackElo "2428"]
[WhiteFideId "4135741"]
[BlackFideId "4183088"]
[EventDate "2011.10.14"]

1. d4 Nf6 2. c4 c5 3. d5 g6 4. Nc3 Bg7 5. e4 O-O 6. Bd3 d6 7. Nf3 e5 8. O-O Nh5
9. Re1 Na6 10. a3 Bg4 11. h3 Bd7 12. Rb1 Nf4 13. Bf1 f5 14. Bxf4 exf4 15. e5 Qe7
16. b4 b6 17. b5 Nc7 18. Qd2 Rae8 19. Na2 dxe5 20. d6 Qd8 21. dxc7 Qxc7 22. Rbd1
Bc8 23. Nc3 e4 24. Nh2 Be5 25. Nd5 Qb8 26. Kh1 Bb7 27. a4 Kg7 28. f3 e3 29. Qa2
Rd8 30. a5 Bxd5 31. Rxd5 Rxd5 32. cxd5 Re8 33. a6 Bc3 34. Rd1 Qe5 35. Be2 g5 36.
Kg1 Rd8 37. Kf1 h5 38. Bc4 Kf6 39. Ke2 Ke7 40. d6+ Rxd6 41. Rxd6 Qxd6 42. Bd3
Qf6 43. Qd5 Ba5 44. Qb7+ Kf8 45. Qc8+ Ke7 46. Qc7+ Kf8 47. Qc8+ Ke7 48. Qc7+ Kf8 1/2-1/2

[Event "Chigorin Memorial Open"]
[Site "St Petersburg RUS"]
[Date "2011.10.21"]
[Round "8.48"]
[White "Bellia, Fabrizio"]
[Black "Dzhangobegov, Vladimir"]
[Result "1/2-1/2"]
[WhiteTitle "IM"]
[WhiteElo "2420"]
[BlackElo "2333"]
[WhiteFideId "800511"]
[BlackFideId "4180984"]
[EventDate "2011.10.14"]

1. e4 c5 2. Nf3 d6 3. d4 cxd4 4. Nxd4 Nf6 5. Nc3 e6 6. Be2 Be7 7. O-O O-O 8. f4
Nc6 9. Be3 Bd7 10. Qe1 Nxd4 11. Bxd4 Bc6 12. Qg3 g6 13. Bf3 b5 14. a3 a5 15.
Rad1 b4 16. e5 Bxf3 17. Qxf3 bxc3 18. exf6 Bxf6 19. Qxc3 Bxd4+ 20. Qxd4 Rc8 21.
c4 Qc7 22. Rc1 Qc5 23. Rfd1 Rfd8 24. Qxc5 dxc5 25. Kf2 Rxd1 26. Rxd1 Rb8 27. Rd2
Kg7 28. Ke2 Kf6 29. Kd1 Rb3 30. Kc2 Re3 31. g3 h5 32. Rd3 Re2+ 33. Rd2 Re3 34.
Rd3 Re2+ 35. Rd2 Re3 36. Rd3 1/2-1/2

[Event "Chigorin Memorial Open"]
[Site "St Petersburg RUS"]
[Date "2011.10.21"]
[Round "8.49"]
[White "Semenova, Irina"]
[Black "Sergienko, Sergey"]
[Result "0-1"]
[WhiteTitle "WGM"]
[BlackTitle "IM"]
[WhiteElo "2236"]
[BlackElo "2415"]
[WhiteFideId "4118367"]
[BlackFideId "4115791"]
[EventDate "2011.10.14"]

1. e4 c5 2. Nf3 a6 3. c4 e6 4. d4 cxd4 5. Nxd4 Nf6 6. Nc3 Qc7 7. Be2 b6 8. Be3
Bb7 9. f3 Bd6 10. g3 Be7 11. Rc1 d6 12. O-O Nbd7 13. Bf2 Rc8 14. Re1 O-O 15. Bf1
Qb8 16. Na4 Bd8 17. b4 Bc7 18. Qb3 Ne5 19. b5 a5 20. Nc6 Nxc6 21. bxc6 Bxc6 22.
Nxb6 Rcd8 23. c5 dxc5 24. Rxc5 Bxe4 25. Rxc7 Qxc7 26. fxe4 Ng4 27. Nc4 Nxf2 28.
Kxf2 Rd4 29. Ne3 Rxe4 30. Qc2 Qe5 31. Bd3 Rb4 32. Re2 g6 33. a3 Rbb8 34. Qc4
Rfc8 35. Qe4 Qc5 36. Kg2 Qxa3 37. Ng4 Qc3 38. Qf3 Rb2 39. Rxb2 Qxb2+ 40. Nf2 a4
41. Kh3 a3 42. Ne4 a2 43. Nd6 Rf8 0-1

[Event "Chigorin Memorial Open"]
[Site "St Petersburg RUS"]
[Date "2011.10.21"]
[Round "8.52"]
[White "Ponfilenok, Vladimir"]
[Black "Goryachkina, Aleksandra"]
[Result "1-0"]
[BlackTitle "WFM"]
[WhiteElo "2402"]
[BlackElo "2248"]
[WhiteFideId "24113522"]
[BlackFideId "4147103"]
[EventDate "2011.10.14"]

1. d4 d5 2. Nf3 Nf6 3. c4 c6 4. e3 e6 5. Bd3 dxc4 6. Bxc4 Bd6 7. O-O O-O 8. b3
Nbd7 9. Bb2 c5 10. Nc3 a6 11. a4 cxd4 12. Qxd4 Bc5 13. Qh4 b6 14. Rfd1 Qe7 15.
Bd3 h6 16. Ne4 Bb7 17. Nxc5 Nxc5 18. Bc2 Rfd8 19. b4 Ncd7 20. Rd2 Nf8 21. Rad1
Rxd2 22. Rxd2 Rc8 23. Qd4 Qc7 24. h3 Qc6 25. Bb3 Rc7 26. Rc2 Qd7 27. Qxd7 Rxd7
28. Bd4 Rd6 29. Ne5 Nd5 30. b5 axb5 31. axb5 Rd8 32. Nc6 Bxc6 33. Rxc6 Ra8 34.
Bxd5 exd5 35. Rxb6 Ne6 36. Be5 Ra5 37. Rb8+ Kh7 38. g4 f6 39. Bd6 d4 40. exd4
Nxd4 41. b6 Rb5 42. Bc7 Nc6 43. Re8 Kg6 44. Re6 Na5 45. Re4 h5 46. Ra4 Nc6 47.
Kg2 hxg4 48. hxg4 Nb4 49. Ra1 Nd5 50. Rd1 Nb4 51. Rd4 Nc6 52. Rc4 Na5 53. Rc3 f5
54. gxf5+ Kxf5 55. Kf3 Ke6 56. Ke4 Kd7 57. f4 Nb7 58. Rd3+ Kc6 59. Rg3 Nc5+ 60.
Kf5 Na6+ 61. Kg6 Nxc7 62. bxc7 Kxc7 63. Kxg7 Kd6 64. Rg5 Rb4 65. f5 Rf4 66. f6
Ke6 67. Rg1 Rf2 68. Re1+ Kd7 69. f7 Rg2+ 70. Kf8 Rf2 71. Rd1+ Kc7 72. Rg1 1-0

[Event "Chigorin Memorial Open"]
[Site "St Petersburg RUS"]
[Date "2011.10.21"]
[Round "8.53"]
[White "Pankov, German"]
[Black "Yakimenko, Alexander A."]
[Result "1-0"]
[WhiteTitle "FM"]
[WhiteElo "2392"]
[BlackElo "2211"]
[WhiteFideId "4174569"]
[BlackFideId "24141917"]
[EventDate "2011.10.14"]

1. d4 e6 2. c4 Nf6 3. Nf3 b6 4. a3 Ba6 5. Qc2 d5 6. cxd5 exd5 7. g3 Bd6 8. Bg2
O-O 9. O-O Nbd7 10. Nc3 Re8 11. Re1 Bb7 12. Nb5 Ne4 13. Nxd6 cxd6 14. Qa4 Rc8
15. Bh3 Bc6 16. Qb3 Rc7 17. Be3 Nf8 18. Rac1 Qa8 19. Rc2 Ne6 20. Rec1 Rcc8 21.
Ne1 Bb7 22. Nd3 Rxc2 23. Rxc2 Ba6 24. Qa4 Bc4 25. Nf4 b5 26. Qa5 Qb7 27. Nxe6
fxe6 28. b3 Bxb3 29. Bxe6+ Kh8 30. Rc7 Qb6 31. Qxa7 Qxa7 32. Rxa7 Bc4 33. Bg4
Rf8 34. h4 h6 35. Re7 Ra8 36. Bf5 Nc3 37. Kg2 Nxe2 38. Rd7 Kg8 39. Bg6 Kf8 40.
Rf7+ Kg8 41. Re7 Kf8 42. Re6 Rd8 43. h5 Kg8 44. Kh3 Ng1+ 45. Kg2 Ne2 46. g4 Kf8
47. Kh3 Kg8 48. Kh4 Ng1 49. f4 Ne2 50. f5 Rf8 51. Rxd6 Nc3 52. f6 Rxf6 53. Rxf6
gxf6 54. Bxh6 Ba2 55. Bd2 Ne4 56. Bf4 Nc3 57. h6 Bb1 58. Kh5 Be4 59. g5 Ne2 60.
h7+ Kh8 61. Bb8 Nxd4 62. gxf6 Ne6 63. Be5 Bxg6+ 64. Kxg6 Nf8+ 65. Kh6 1-0

[Event "Chigorin Memorial Open"]
[Site "St Petersburg RUS"]
[Date "2011.10.21"]
[Round "8.54"]
[White "Tilicheev, Viacheslav"]
[Black "Balaian, Alina"]
[Result "1-0"]
[WhiteTitle "FM"]
[WhiteElo "2389"]
[BlackElo "2188"]
[WhiteFideId "24114928"]
[BlackFideId "24115347"]
[EventDate "2011.10.14"]

1. d4 Nf6 2. c4 g6 3. Nc3 Bg7 4. e4 d6 5. Bg5 h6 6. Bh4 O-O 7. Be2 Nc6 8. f4 Nh7
9. Nf3 Bg4 10. d5 Bxf3 11. Bxf3 Nd4 12. Bg4 c5 13. O-O Qb6 14. b3 e5 15. dxe6
fxe6 16. Qd3 h5 17. Bh3 Qa5 18. Rac1 Rae8 19. Kh1 e5 20. Bd7 exf4 21. Bxe8 Rxe8
22. e5 Nf5 23. Rxf4 Rxe5 24. Rxf5 Rxf5 25. Nd5 Bf8 26. Ne3 Re5 27. Qxg6+ Bg7 28.
Nf5 Qc7 29. Nh6+ Kh8 30. Nf7+ Kg8 31. Nxe5 dxe5 32. Qxh5 Qf7 33. Qxf7+ Kxf7 34.
Re1 Ke6 35. g4 Nf8 36. Kg2 Ng6 37. Bg3 Bf6 38. Kf3 a6 39. h4 Nxh4+ 40. Bxh4 Bxh4
41. Rh1 Bg5 42. Ke4 b5 43. Rh7 bxc4 44. bxc4 a5 45. Ra7 Bd2 46. Ra6+ Kf7 47.
Kxe5 1-0